000 00462nam a2200169 a 4500
001 0000-9071
003 ELIB.Books
008 110520 1960
035 _a(ELIB.Books)0000-9220
082 _a225.7
_bTas
100 _aTasker, R. V. G.
245 _aTyndale (The Gospel According to St. John)
260 _bGrand Rapids: Wm. B. Eerdmans Publishing Co.
_c1960
650 _aCommentaries
942 _2ddc
_cBK
998 _cbat
_e2011-05-20
999 _c9071
_d9071